[Inovačné aktivity podnikov, možnosti financovania inovácií a ich reálne využitie]

Recenzia na monografiu, ktorá prezentuje ucelený súbor poznatkov o inovačných aktivitách podnikov a možnostiach ich financovania.

Salvato in:
Dettagli Bibliografici
Autore principale: Olexová, Cecília, 1976-
Natura: Capitolo di libro
Lingua:slovacco
Soggetti:
Tags: Aggiungi Tag
Nessun Tag, puoi essere il primo ad aggiungerne!!

MARC

LEADER 00000naa a2200000 4500
001 0181444
005 20240502073119.6
041 0 |a slo 
044 |a SK 
245 1 0 |a [Inovačné aktivity podnikov, možnosti financovania inovácií a ich reálne využitie]  |c Cecília Olexová 
520 |a Recenzia na monografiu, ktorá prezentuje ucelený súbor poznatkov o inovačných aktivitách podnikov a možnostiach ich financovania. 
610 2 0 |a stratégia inovačná 
610 2 0 |a podnik 
610 2 0 |a prostredie podnikateľské 
610 2 0 |a financovanie investícií 
610 2 0 |a recenzie 
100 1 |a Olexová, Cecília, 1976-